Hồn quê Việt, như tôi thấy...

Nghiên cứu văn hoá dân gian Việt Nam từ vùng châu thổ sông Hồng miền Bắc đến các thôn ấp Nam Bộ châu thổ sông Mê Kông qua các loại hình nhân vật trong văn học, trong chèo truyền thống, câu đố, truyện thơ, truyện kể và trong các loại hình sinh hoạt diễn xướng... cũng như những thách thức khám phá lâu...

Descrición completa

Gardado en:
Detalles Bibliográficos
Autor Principal: Nguyễn Quang Vinh
Formato: Libro
Idioma:Vietnamese
Publicado: H. Đại học Quốc gia Hà Nội 2010
Series:Hội Văn nghệ Dân gian Việt Nam
Những chủ đề:
Các nhãn: Engadir etiqueta
Sen Etiquetas, Sexa o primeiro en etiquetar este rexistro!
Thư viện lưu trữ: Mạng thư viện Đại học Đà Nẵng
LEADER 01646nam a2200373 4500
001 000007089
003 3250
005 20120515140533.0
008 110926s2010 viesd
020 |c 000đ 
041 0 |a vie 
082 |a 389.209597  |b NG-V 
100 0 |a Nguyễn Quang Vinh 
245 0 |a Hồn quê Việt, như tôi thấy...  |c Nguyễn Quang Vinh 
260 |a H.  |b Đại học Quốc gia Hà Nội  |c 2010 
300 |a 364 tr  |b ảnh  |c 21 cm 
490 |a Hội Văn nghệ Dân gian Việt Nam 
504 |a Phụ lục: tr. 349-359 
520 |a Nghiên cứu văn hoá dân gian Việt Nam từ vùng châu thổ sông Hồng miền Bắc đến các thôn ấp Nam Bộ châu thổ sông Mê Kông qua các loại hình nhân vật trong văn học, trong chèo truyền thống, câu đố, truyện thơ, truyện kể và trong các loại hình sinh hoạt diễn xướng... cũng như những thách thức khám phá lâu dài của văn hoá dân gian Việt Nam 
653 |a Văn học dân gian 
653 |a Văn hoá dân gian 
653 |a Việt Nam 
700 |a Nguyễn Quang Vinh 
910 |a Nguyễn Thị Kim Oanh  |d 26/09/2011 
OWN |a LSP 
AVA |a UDN50  |b LSP  |d 389.209597 NG-V  |e available  |t Error 5001 Not defined in file expand_doc_bib_avail.  |f 2  |g 0  |h N  |i 0  |k 1 
999 |a From the UDN01 
AVA |a UDN50  |b LSP  |d 389.209597 NG-V  |e available  |t Error 5001 Not defined in file expand_doc_bib_avail.  |f 2  |g 0  |h N  |i 0  |k 1 
TYP |a Monograph 
TYP |a Printed language 
980 |a Mạng thư viện Đại học Đà Nẵng